Logo CIB grande

MECANICA VECTORIAL PARA INGENIEROS: ESTATICA (Registro nro. 235311)

Detalles MARC
000 -LEADER
campo de control de longitud fija 00701nam a2200265Ia 4500
005 - FECHA Y HORA DE LA ÚLTIMA TRANSACCIÓN
campo de control 20250425162730.0
008 - DATOS DE LONGITUD FIJA--INFORMACIÓN GENERAL
campo de control de longitud fija 250425s9999 xx 000 0 und d
020 ## - NÚMERO INTERNACIONAL ESTÁNDAR DEL LIBRO
Número Internacional Estándar del Libro 9786071509253
041 ## - CÓDIGO DE IDIOMA
Código de lengua del texto/banda sonora o título independiente spa
082 ## - NÚMERO DE LA CLASIFICACIÓN DECIMAL DEWEY
Número de clasificación 620.103
010 ## - NÚMERO DE CONTROL DE LA BIBLIOTECA DEL CONGRESO
Número de control de LC 103868
100 ## - ENTRADA PRINCIPAL--NOMBRE DE PERSONA
Nombre de persona BEER, FERDINAND P.
245 #0 - MENCIÓN DEL TÍTULO
Título MECANICA VECTORIAL PARA INGENIEROS: ESTATICA
250 ## - MENCION DE EDICION
Mención de edición 10A ED.
260 ## - PUBLICACIÓN, DISTRIBUCIÓN, ETC.
Lugar de publicación, distribución, etc. MEXICO
260 ## - PUBLICACIÓN, DISTRIBUCIÓN, ETC.
Lugar de publicación, distribución, etc. México
Nombre del editor, distribuidor, etc. MCGRAW-HILL
Fecha de publicación, distribución, etc. 2013
300 ## - DESCRIPCIÓN FÍSICA
Extensión 489
500 ## - NOTA GENERAL
Nota general Título Traducido: VECTOR MECHANICS FOR ENGINEERS. STATICS
650 ## - PUNTO DE ACCESO ADICIONAL DE MATERIA--TÉRMINO DE MATERIA
Término de materia o nombre geográfico como elemento de entrada ANALISIS VECTORIAL
650 ## - PUNTO DE ACCESO ADICIONAL DE MATERIA--TÉRMINO DE MATERIA
Término de materia o nombre geográfico como elemento de entrada ESTATICA
650 ## - PUNTO DE ACCESO ADICIONAL DE MATERIA--TÉRMINO DE MATERIA
Término de materia o nombre geográfico como elemento de entrada MECANICA APLICADA
700 ## - ENTRADA AGREGADA--NOMBRE PERSONAL
Nombre de persona JOHNSTON, E. RUSSELL
700 ## - ENTRADA AGREGADA--NOMBRE PERSONAL
Nombre de persona MAZUREK, DAVID F.
942 ## - ELEMENTOS DE ENTRADA SECUNDARIOS (KOHA)
Tipo de ítem Koha Libros
Existencias
Estatus retirado Estado de pérdida Estado de daño No para préstamo Biblioteca de origen Biblioteca actual Fecha de adquisición Coste, precio normal de compra Etiqueta RFID Total de préstamos Total de renovaciones Código de barras Visto por última vez Fecha del último préstamo Copia número Tipo de ítem Koha Ubicación en estantería
        CENTRO DE INFORMACIÓN BIBLIOTECARIA CENTRO DE INFORMACIÓN BIBLIOTECARIA 08/06/2017 15.00 0000000000000000034825 4 2 D-109544 27/08/2025 20/08/2025 2 Libros  
        CENTRO DE INFORMACIÓN BIBLIOTECARIA CENTRO DE INFORMACIÓN BIBLIOTECARIA 15/06/2017 36.00 0000000000000000015879     57980     1 Libros  
        CENTRO DE INFORMACIÓN BIBLIOTECARIA CENTRO DE INFORMACIÓN BIBLIOTECARIA 10/12/2019 40.00 0000000000000000034826     D-109961     3 Libros  

Copyright 2025 ESPOL. Todos los derechos reservados.